Nutrient and heavy metal status of soils under rubber-pineapple intercropping in comparison to rubber-cover crop system and natural forest. (Record no. 64238)

MARC details
000 -LEADER
fixed length control field 00611nam a2200205Ia 4500
100 ## - MAIN ENTRY--AUTHOR NAME
Personal name Prasannakumari P
245 #0 - TITLE STATEMENT
Title Nutrient and heavy metal status of soils under rubber-pineapple intercropping in comparison to rubber-cover crop system and natural forest.
260 ## - PUBLICATION, DISTRIBUTION, ETC. (IMPRINT)
Name of publisher Rubber Science
Year of publication 2014
300 ## - PHYSICAL DESCRIPTION
Number of Pages 84-90
650 ## - SUBJECT ADDED ENTRY--TOPICAL TERM
Topical Term Cover crop
650 ## - SUBJECT ADDED ENTRY--TOPICAL TERM
Topical Term Heavy metals
650 ## - SUBJECT ADDED ENTRY--TOPICAL TERM
Topical Term Natural forest
650 ## - SUBJECT ADDED ENTRY--TOPICAL TERM
Topical Term Rubber-pineapple intercropping
700 ## - ADDED ENTRY--PERSONAL NAME
Personal name Antony P A
700 ## - ADDED ENTRY--PERSONAL NAME
Personal name Chacko J
700 ## - ADDED ENTRY--PERSONAL NAME
Personal name Jacob J
700 ## - ADDED ENTRY--PERSONAL NAME
Personal name Jessy M D
942 ## - ADDED ENTRY ELEMENTS (KOHA)
Koha item type Journals
Holdings
Withdrawn status Lost status Damaged status Not for loan Home library Current library Date acquired Serial Enumeration / chronology Koha item type
      Journals RRII Library RRII Library 02/06/2014 Volume 27, Issue 1 Journals